000 00566nam a2200181Ia 4500
008 090124s9999 xx 000 0 und d
082 _b22413
100 _aआपटे वा.शि.
245 _a अभ्यास कसा करावा
250 _a1
260 _bसरिता प्रकाशन
_c1974
300 _a94
600 _aआपटे वा.शि.
630 _a अभ्यास कसा करावा
700 _aआपटे वा.शि.
730 _a अभ्यास कसा करावा
942 _cBOOK
999 _c91806
_d91806